[Event "23rd EUR-ch"]
[Site "Vrnjacka Banja SRB"]
[Date "2023.03.05"]
[Round "3.136"]
[White "Gajcin, Marina"]
[Black "Agdelen, Huseyin Can"]
[Result "1-0"]
[WhiteElo "2215"]
[BlackElo "2411"]
[EventDate "2023.03.03"]
[PlyCount "37"]

1.e4 c5 2.Nf3 d6 3.Bb5+ Nd7 4.d4 cxd4 5.Qxd4 a6 6.Bxd7+ Bxd7 7.Nc3 Rc8 8.
e5 f6 9.exd6 e5 10.Qd5 Qb6 11.Nxe5 fxe5 12.Qxe5+ Kf7 13.Qh5+ g6 14.Qf3+ 
Kg7 15.Be3 Qb4 16.O-O-O Bc6 17.Qh3 Rd8 18.Bd4+ Nf6 19.Qe6 1-0

[Event "23rd EUR-ch"]
[Site "Vrnjacka Banja SRB"]
[Date "2023.03.05"]
[Round "3.137"]
[White "Aleksic, Milan"]
[Black "Radovanovic, Nikola"]
[Result "0-1"]
[WhiteElo "2202"]
[BlackElo "2407"]
[EventDate "2023.03.03"]
[PlyCount "60"]

1.e4 c5 2.Nf3 d6 3.d4 cxd4 4.Nxd4 Nf6 5.Nc3 a6 6.Bg5 Nbd7 7.Bc4 Qb6 8.Bb3 
e6 9.f3 Be7 10.Be3 Qc7 11.Bxe6 fxe6 12.Nxe6 Qc6 13.Nxg7+ Kf7 14.Nf5 Ne5 
15.Nh6+ Kg7 16.Qc1 Rf8 17.Bd4 Qe8 18.O-O Qg6 19.Be3 Kh8 20.Ne2 Ng8 21.Ng3 
Nxh6 22.Bxh6 Rg8 23.b3 Nf7 24.Be3 h5 25.Rf2 Bf6 26.c3 Ne5 27.Qd2 h4 28.Nf1
Bh3 29.g3 Raf8 30.g4 Nxf3+ 0-1

[Event "23rd EUR-ch"]
[Site "Vrnjacka Banja SRB"]
[Date "2023.03.05"]
[Round "3.138"]
[White "Czerw, Dawid"]
[Black "Perkampus, Laurin"]
[Result "1-0"]
[WhiteElo "2404"]
[BlackElo "2189"]
[EventDate "2023.03.03"]
[PlyCount "75"]

1.e4 c6 2.d4 d5 3.e5 Bf5 4.Nf3 e6 5.Be2 c5 6.Be3 Qb6 7.Nc3 Nc6 8.Na4 Qa5+ 
9.c3 c4 10.Nh4 Be4 11.f3 Qd8 12.g3 Bg6 13.Nxg6 hxg6 14.b4 Nh6 15.g4 Be7 
16.O-O g5 17.Qd2 f6 18.exf6 gxf6 19.f4 gxf4 20.Bxf4 Nf7 21.Bf3 e5 22.dxe5 
fxe5 23.Bxd5 Rh7 24.Bg3 Bg5 25.Qg2 Qc7 26.Qe4 Rg7 27.Nc5 Ncd8 28.Rad1 a5 
29.Nxb7 Nxb7 30.Bxb7 Rd8 31.Bc6+ Ke7 32.Rxd8 Kxd8 33.Rd1+ Kc8 34.Qxc4 Be3+
35.Kh1 Kb8 36.Qb5+ Ka7 37.Rd7 Nd6 38.Qxa5+ 1-0

[Event "23rd EUR-ch"]
[Site "Vrnjacka Banja SRB"]
[Date "2023.03.05"]
[Round "3.139"]
[White "Lorenz, Roger"]
[Black "Pap, Misa"]
[Result "0-1"]
[WhiteElo "2180"]
[BlackElo "2403"]
[EventDate "2023.03.03"]
[PlyCount "41"]

1.d4 f5 2.g3 Nf6 3.Bg2 d6 4.Nf3 g6 5.b3 Bg7 6.Bb2 O-O 7.O-O c6 8.c4 a5 9.
Nc3 Na6 10.Qd2 Qc7 11.d5 Nc5 12.Nd4 Bd7 13.Rad1 Qb6 14.Ba3 Nce4 15.Nxe4 
fxe4 16.dxc6 bxc6 17.Qe3 c5 18.Nc2 Bc6 19.Bb2 Ng4 20.Qc1 Bf6 21.e3 0-1

[Event "23rd EUR-ch"]
[Site "Vrnjacka Banja SRB"]
[Date "2023.03.05"]
[Round "3.140"]
[White "Pastar, Slaven"]
[Black "Petrekanovic, Miroslav"]
[Result "1/2-1/2"]
[WhiteElo "2401"]
[BlackElo "2179"]
[EventDate "2023.03.03"]
[PlyCount "123"]

1.Nf3 d5 2.g3 c6 3.Bg2 Bg4 4.d4 Nd7 5.O-O e6 6.Nbd2 Ngf6 7.Re1 Bd6 8.e4 
dxe4 9.Nxe4 Nxe4 10.Rxe4 Nf6 11.Re1 h6 12.c3 O-O 13.Qb3 Qb6 14.Nd2 Qxb3 
15.axb3 Bc7 16.b4 a5 17.bxa5 Rxa5 18.Rxa5 Bxa5 19.Nb3 Bb6 20.Bf4 Ra8 21.
Bd6 Bf5 22.h3 Bc2 23.Nd2 Bd3 24.f4 Ne8 25.Ba3 Bc7 26.Re3 Bc2 27.Nc4 Bb3 
28.Nd2 Bc2 29.Nc4 Bb3 30.Ne5 Nd6 31.c4 Ba2 32.Bxd6 Bxd6 33.c5 Bxe5 34.dxe5
Rd8 35.Be4 Rd4 36.Kf2 Rb4 37.Re2 g6 38.Ke3 Rb3+ 39.Kf2 h5 40.h4 Kf8 41.Rd2
Ke7 42.Bd3 b5 43.Be2 Rb4 44.b3 Bb1 45.Bd1 Be4 46.Ke3 Bd5 47.Rd3 f6 48.
exf6+ Kxf6 49.Kd2 Be4 50.Rd6 Bd5 51.Bc2 Bxb3 52.Kc3 Bxc2 53.Kxb4 Be4 54.
Kc3 Bd5 55.Rd7 Kf5 56.Rg7 Kf6 57.Rg8 Kf5 58.Rg7 Kf6 59.Rb7 Kf5 60.Rg7 Kf6 
61.Ra7 Kf5 62.Rg7 1/2-1/2

[Event "23rd EUR-ch"]
[Site "Vrnjacka Banja SRB"]
[Date "2023.03.05"]
[Round "3.141"]
[White "Peyrer, Konstantin"]
[Black "Safar, Sandro"]
[Result "1-0"]
[WhiteElo "2395"]
[BlackElo "2173"]
[EventDate "2023.03.03"]
[PlyCount "97"]

1.e4 d6 2.Nf3 Nf6 3.d3 g6 4.g3 Bg7 5.Bg2 O-O 6.O-O c5 7.Re1 Nc6 8.Nc3 e5 
9.h3 h6 10.a3 Be6 11.Be3 Kh7 12.Nd5 Nxd5 13.exd5 Bxd5 14.Ng5+ hxg5 15.Bxd5
f5 16.Bd2 Bf6 17.b4 Qd7 18.Rb1 Rab8 19.Bg2 cxb4 20.axb4 d5 21.b5 Nd4 22.
Bc3 Nxb5 23.Bxe5 Nc3 24.Bxc3 Bxc3 25.Re2 b5 26.d4 b4 27.Re5 Rb5 28.Qe2 Rf7
29.Rd1 a5 30.Rd3 f4 31.gxf4 gxf4 32.h4 a4 33.h5 Rb6 34.Bxd5 f3 35.Rxf3 
Qg4+ 36.Kf1 Rxf3 37.Bxf3 Qf4 38.Be4 Bxd4 39.hxg6+ Kg7 40.Re7+ Kf8 41.Rf7+ 
Qxf7 42.gxf7 Rf6 43.Bd5 Bc5 44.Qb5 Bd6 45.Qxa4 Kg7 46.Qa1 Kg6 47.Qd4 Kg5 
48.Bc4 Kf5 49.Qxd6 1-0

[Event "23rd EUR-ch"]
[Site "Vrnjacka Banja SRB"]
[Date "2023.03.05"]
[Round "3.142"]
[White "Sahin, Ozgun"]
[Black "Popovic, Milan S."]
[Result "1-0"]
[WhiteElo "2177"]
[BlackElo "2393"]
[EventDate "2023.03.03"]
[PlyCount "52"]

1.e4 c5 2.Nf3 d6 3.d4 cxd4 4.Nxd4 Nf6 5.Nc3 a6 6.Be2 e5 7.Nb3 Be7 8.Be3 
Be6 9.O-O O-O 10.Nd5 Nbd7 11.Qd3 Bxd5 12.exd5 Rc8 13.c4 a5 14.a4 b6 15.f4 
exf4 16.Bxf4 Nc5 17.Nxc5 bxc5 18.Rf3 Ne8 19.Rh3 f5 20.Qe3 Bf6 21.Kh1 Qe7 
22.Qxe7 Bxe7 23.Rb3 Bf6 24.Rb6 Be5 25.Bxe5 dxe5 26.Rb5 Rf6 1-0

[Event "23rd EUR-ch"]
[Site "Vrnjacka Banja SRB"]
[Date "2023.03.05"]
[Round "3.143"]
[White "Kanov, Nikola"]
[Black "Noy, Eyal"]
[Result "1-0"]
[WhiteElo "2392"]
[BlackElo "2161"]
[EventDate "2023.03.03"]
[PlyCount "93"]

1.e4 c5 2.Nf3 d6 3.d4 cxd4 4.Nxd4 Nf6 5.Nc3 a6 6.Be3 e5 7.Nf3 Be7 8.Bc4 
O-O 9.O-O Be6 10.Qe2 b5 11.Bb3 h6 12.Nh4 Nxe4 13.Nxe4 Bxb3 14.axb3 Bxh4 
15.Rfd1 d5 16.Bc5 Be7 17.Bxe7 Qxe7 18.Rxd5 Nc6 19.c3 Rfd8 20.Rxd8+ Qxd8 
21.b4 a5 22.Rd1 Qb6 23.bxa5 Rxa5 24.b4 Ra8 25.h4 Na7 26.Rd6 Qc7 27.Qg4 Rf8
28.Qf5 Nc8 29.Rxh6 f6 30.Qh7+ Kf7 31.Rxf6+ Ke8 32.Rxf8+ Kxf8 33.Qh8+ Ke7 
34.Qxg7+ Kd8 35.Qg8+ Ke7 36.h5 Qc6 37.Qg7+ Kd8 38.h6 Qxe4 39.h7 Nd6 40.
h8=Q+ Ne8 41.Qxe5 Qb1+ 42.Kh2 Qg6 43.Qxb5 Qd6+ 44.Qbe5 Qc6 45.b5 Qd7 46.b6
Qc6 47.b7 1-0

[Event "23rd EUR-ch"]
[Site "Vrnjacka Banja SRB"]
[Date "2023.03.05"]
[Round "3.144"]
[White "Malcewska, Aleksandra"]
[Black "Maksimovic, Branimir"]
[Result "1/2-1/2"]
[WhiteElo "2388"]
[BlackElo "2128"]
[EventDate "2023.03.03"]
[PlyCount "75"]

1.e4 e5 2.Bc4 Nc6 3.Nc3 Nf6 4.d3 Bb4 5.Bd2 O-O 6.Nf3 d6 7.h3 Be6 8.Bb3 
Bxb3 9.axb3 d5 10.exd5 Nxd5 11.O-O f6 12.Qe2 Nde7 13.Ra4 a5 14.Nb5 Bxd2 
15.Qxd2 Qd7 16.Rd1 Nb4 17.Nc3 c5 18.Ne4 b6 19.c3 Nbc6 20.d4 cxd4 21.cxd4 
Rad8 22.dxe5 Qxd2 23.Nexd2 Nxe5 24.Nxe5 fxe5 25.Raa1 Rd3 26.Nc4 Rxb3 27.
Rd6 b5 28.Nxe5 a4 29.Rd7 Ng6 30.Nxg6 hxg6 31.Rd2 Rf4 32.Re1 Rf7 33.Re8+ 
Kh7 34.h4 g5 35.h5 g6 36.hxg6+ Kxg6 37.Re6+ Rf6 38.Re5 1/2-1/2

[Event "23rd EUR-ch"]
[Site "Vrnjacka Banja SRB"]
[Date "2023.03.05"]
[Round "3.145"]
[White "Zlatkov, Anton"]
[Black "Vetokhin, Savva"]
[Result "1-0"]
[WhiteElo "2174"]
[BlackElo "2388"]
[EventDate "2023.03.03"]
[PlyCount "101"]

1.e4 c5 2.Nf3 e6 3.d4 cxd4 4.Nxd4 Nf6 5.Nc3 Nc6 6.Ndb5 d6 7.Bf4 e5 8.Bg5 
a6 9.Na3 b5 10.Nd5 Be7 11.Bxf6 Bxf6 12.c3 Rb8 13.Nc2 Bg5 14.a4 bxa4 15.
Ncb4 Nxb4 16.cxb4 O-O 17.Rxa4 a5 18.b5 Bd7 19.h4 Bh6 20.Qb3 Rc8 21.Rc4 Rb8
22.b6 Be6 23.Rc6 Bxd5 24.exd5 e4 25.Ba6 e3 26.fxe3 Re8 27.Rh3 Qe7 28.b7 
Bxe3 29.Qxe3 Qxe3+ 30.Rxe3 Rxe3+ 31.Kd2 Ree8 32.Rc8 f5 33.Kd3 Kf7 34.Kc4 
Kf6 35.Rxb8 Rxb8 36.Kb5 Ke5 37.Kc6 g6 38.Kc7 Rf8 39.Bc4 Kd4 40.Ba2 Kc5 41.
b8=Q Rxb8 42.Kxb8 h6 43.Kc7 g5 44.hxg5 hxg5 45.Bb1 f4 46.Be4 g4 47.Kd7 Kd4
48.Bf5 g3 49.Bg4 Kc5 50.Ke6 a4 51.Bd1 1-0

[Event "23rd EUR-ch"]
[Site "Vrnjacka Banja SRB"]
[Date "2023.03.05"]
[Round "3.146"]
[White "Zajic, Milan"]
[Black "Kostov, Deyan Samuil"]
[Result "1/2-1/2"]
[WhiteElo "2387"]
[BlackElo "2120"]
[EventDate "2023.03.03"]
[PlyCount "93"]

1.e4 c5 2.Nf3 e6 3.d4 cxd4 4.Nxd4 Nc6 5.Nc3 Qc7 6.Be3 a6 7.Qd2 Nf6 8.f4 
Bb4 9.Bd3 d5 10.e5 Nd7 11.O-O Nc5 12.a3 Bxc3 13.Qxc3 Nxd3 14.cxd3 O-O 15.
Rac1 Bd7 16.Qd2 Qd8 17.Nf3 Rc8 18.Qf2 d4 19.Nxd4 Nxd4 20.Bxd4 Bb5 21.Bc5 
Re8 22.Rc3 Qd5 23.Rfc1 Rc6 24.h3 Rec8 25.d4 h6 26.Kh2 a5 27.Qh4 Qd8 28.
Qxd8+ Rxd8 29.Bd6 Rdc8 30.Bc5 Rd8 31.Kg3 b6 32.Bd6 Rdc8 33.Kf2 a4 34.g4 
Rxc3 35.bxc3 Bc4 36.f5 g6 37.Rg1 gxf5 38.gxf5+ Kh7 39.Rb1 b5 40.fxe6 fxe6 
41.Bc5 Rc7 42.Rb2 Rf7+ 43.Ke3 Rg7 44.Kf4 Rf7+ 45.Ke3 Rg7 46.Kf4 Rf7+ 47.
Ke3 1/2-1/2

[Event "23rd EUR-ch"]
[Site "Vrnjacka Banja SRB"]
[Date "2023.03.05"]
[Round "3.147"]
[White "Andrijashkin, Deniss"]
[Black "Makridis, Dimitrios"]
[Result "1/2-1/2"]
[WhiteElo "2164"]
[BlackElo "2387"]
[EventDate "2023.03.03"]
[PlyCount "31"]

1.e4 c5 2.Nf3 Nf6 3.e5 Nd5 4.Nc3 Nxc3 5.dxc3 Nc6 6.Bf4 Qb6 7.b3 Qc7 8.Qd2 
e6 9.O-O-O h6 10.h4 Rb8 11.c4 a6 12.a4 Na5 13.Kb2 b5 14.axb5 axb5 15.Ra1 
bxc4 16.Bxc4 1/2-1/2

[Event "23rd EUR-ch"]
[Site "Vrnjacka Banja SRB"]
[Date "2023.03.05"]
[Round "3.148"]
[White "Androutsopoulos-Agiotatos, Vasil"]
[Black "Pasztor, Balazs"]
[Result "1/2-1/2"]
[WhiteElo "2161"]
[BlackElo "2387"]
[EventDate "2023.03.03"]
[PlyCount "29"]

1.e4 e5 2.Nf3 Nc6 3.Bb5 Nf6 4.Nc3 Nd4 5.Nxd4 exd4 6.e5 dxc3 7.exf6 Qxf6 8.
dxc3 Bc5 9.Qe2+ Qe7 10.Qxe7+ Kxe7 11.O-O d5 12.Bf4 c6 13.Bd3 Be6 14.Rfe1 
Bd6 15.Be5 1/2-1/2

[Event "23rd EUR-ch"]
[Site "Vrnjacka Banja SRB"]
[Date "2023.03.05"]
[Round "3.149"]
[White "Manko, Mariia"]
[Black "Bethke, Richard"]
[Result "0-1"]
[WhiteElo "2159"]
[BlackElo "2383"]
[EventDate "2023.03.03"]
[PlyCount "64"]

1.d4 f5 2.Nf3 Nf6 3.c4 e6 4.Nc3 Bb4 5.g3 b6 6.Bg2 Ne4 7.Nd2 Nxc3 8.Qb3 
Nxe2 9.Kxe2 Bxd2 10.Bxa8 Bxc1 11.Rhxc1 c6 12.a4 O-O 13.a5 f4 14.axb6 axb6 
15.Ra7 Qf6 16.Rd1 Ba6 17.g4 f3+ 18.Kd3 b5 19.Kc3 Qh4 20.Rd2 Qxh2 21.Qa3 
Qg1 22.Bb7 Qc1+ 23.Rc2 Qf1 24.Kb4 Qd1 25.Qc3 c5+ 26.Kxc5 d6+ 27.Kxd6 Rd8+ 
28.Kc5 Bxb7 29.Rxb7 b4 30.Rd2 Qa4 31.Qxf3 Qa5+ 32.Rb5 Na6+ 0-1

[Event "23rd EUR-ch"]
[Site "Vrnjacka Banja SRB"]
[Date "2023.03.05"]
[Round "3.150"]
[White "Pasti, Aron"]
[Black "Jandric, Damjan"]
[Result "1-0"]
[WhiteElo "2378"]
[BlackElo "2104"]
[EventDate "2023.03.03"]
[PlyCount "67"]

1.e4 c5 2.Nf3 d6 3.d4 cxd4 4.Nxd4 Nf6 5.Nc3 a6 6.h3 e5 7.Nde2 h5 8.g3 Nbd7
9.a4 b6 10.Bg2 Bb7 11.O-O Be7 12.Nd5 Nxd5 13.exd5 h4 14.g4 O-O 15.f4 Rc8 
16.c3 Bf6 17.g5 Be7 18.Qd2 Nc5 19.Ra3 exf4 20.b4 f3 21.Bxf3 Nd7 22.Ra2 Ne5
23.Bg2 Rc4 24.Nd4 g6 25.b5 Bc8 26.Qe3 Qc7 27.Nc6 Re8 28.Qf2 Bf8 29.Be3 
Rxc3 30.Bxb6 Qd7 31.Qxh4 Bg7 32.Raf2 Rf8 33.Bd4 Rc4 34.Rf4 1-0

[Event "23rd EUR-ch"]
[Site "Vrnjacka Banja SRB"]
[Date "2023.03.05"]
[Round "3.151"]
[White "Sherman, Reem"]
[Black "Bournel, Antoine"]
[Result "1/2-1/2"]
[WhiteElo "2126"]
[BlackElo "2377"]
[EventDate "2023.03.03"]
[PlyCount "72"]

1.e4 c6 2.d4 d5 3.Nd2 dxe4 4.Nxe4 Bf5 5.Qf3 e6 6.Ne2 h5 7.c3 h4 8.Bf4 Nf6 
9.Nxf6+ Qxf6 10.Nc1 Nd7 11.h3 Be7 12.Be2 e5 13.dxe5 Nxe5 14.Bxe5 Qxe5 15.
Nd3 Qe4 16.Qxe4 Bxe4 17.O-O Rd8 18.Rad1 Rh6 19.Ne5 Re6 20.f4 Bc5+ 21.Kh1 
Rxd1 22.Bxd1 Rd6 23.b4 Bb6 24.Re1 Kf8 25.Bb3 f5 26.Rd1 Rxd1+ 27.Bxd1 Bf2 
28.c4 Ke7 29.Bb3 Ke6 30.c5+ Bd5 31.Nc4 b6 32.cxb6 axb6 33.Ne5 Bxb3 34.axb3
Kd5 35.Ng6 Ke6 36.Ne5 Kd6 1/2-1/2

[Event "23rd EUR-ch"]
[Site "Vrnjacka Banja SRB"]
[Date "2023.03.05"]
[Round "3.152"]
[White "Efremov, Vladislav"]
[Black "Carbonell Sancho, Marc"]
[Result "1-0"]
[WhiteElo "2120"]
[BlackElo "2364"]
[EventDate "2023.03.03"]
[PlyCount "64"]

1.d4 g6 2.e4 d6 3.Bd3 Bg7 4.c3 Nf6 5.Nf3 O-O 6.O-O Nc6 7.Nbd2 e5 8.Re1 Qe7
9.h3 Nh5 10.Nb3 Nf4 11.Bf1 Rd8 12.Be3 a5 13.a4 h6 14.Qd2 Qf6 15.Nh2 g5 16.
Rad1 Qg6 17.Bxf4 gxf4 18.Kh1 Kh8 19.Be2 Rg8 20.Bg4 Bxg4 21.hxg4 h5 22.gxh5
Qg5 23.c4 exd4 24.Nxd4 Ne5 25.Rg1 Nxc4 26.Qe2 Bxd4 27.Rxd4 d5 28.e5 Rae8 
29.Qc2 c6 30.b3 Nb6 31.Nf3 Qh6 32.Qf5 Rg7 1-0

[Event "23rd EUR-ch"]
[Site "Vrnjacka Banja SRB"]
[Date "2023.03.05"]
[Round "3.153"]
[White "Roebers, Eline"]
[Black "Pogorelsky, Sofia"]
[Result "0-1"]
[WhiteElo "2362"]
[BlackElo "2102"]
[EventDate "2023.03.03"]
[PlyCount "57"]

1.e4 c5 2.Nf3 Nc6 3.Bc4 e6 4.O-O a6 5.d3 d5 6.exd5 exd5 7.Bb3 Nf6 8.Bg5 
Be7 9.Nbd2 O-O 10.Re1 Be6 11.c3 b5 12.h3 Re8 13.d4 cxd4 14.cxd4 Qb6 15.Nf1
h6 16.Bh4 Na5 17.Bc2 Nc4 18.b3 Nd6 19.Ng3 Rac8 20.Qd2 a5 21.Rac1 Nde4 22.
Bxe4 Bb4 23.Qf4 Nxe4 24.Nxe4 Bxe1 25.Nf6+ gxf6 26.Bxf6 Kh7 27.Ng5+ Kg6 28.
Be5 Bf5 29.Rxc8 0-1

[Event "23rd EUR-ch"]
[Site "Vrnjacka Banja SRB"]
[Date "2023.03.05"]
[Round "3.154"]
[White "Damjanovic, Vuk"]
[Black "Stanojevic, Ilija"]
[Result "1-0"]
[WhiteElo "2361"]
[BlackElo "2096"]
[EventDate "2023.03.03"]
[PlyCount "71"]

1.c4 e5 2.b3 Nc6 3.Bb2 Bc5 4.e3 Nf6 5.Qc2 O-O 6.a3 a5 7.Nc3 Re8 8.Bd3 h6 
9.Nge2 Bf8 10.O-O d5 11.cxd5 Nxd5 12.f4 Nb6 13.f5 f6 14.Be4 Bd7 15.Kh1 Re7
16.d4 a4 17.Rad1 exd4 18.Nd5 Nxd5 19.Bxd5+ Kh7 20.exd4 axb3 21.Bxb3 Qe8 
22.Be6 Bxe6 23.fxe6+ Qg6 24.Qxg6+ Kxg6 25.Nf4+ Kh7 26.Nd5 Ra5 27.Nxe7 Nxe7
28.Bc3 Rxa3 29.Bb4 Ra4 30.Rb1 b6 31.Rfc1 Ra7 32.Ra1 Rb7 33.Ra8 c5 34.dxc5 
Nc6 35.Rxf8 Nxb4 36.c6 1-0

[Event "23rd EUR-ch"]
[Site "Vrnjacka Banja SRB"]
[Date "2023.03.05"]
[Round "3.155"]
[White "Szwed, Jacek"]
[Black "Farkas, Sandor"]
[Result "1-0"]
[WhiteElo "2361"]
[BlackElo "2064"]
[EventDate "2023.03.03"]
[PlyCount "66"]

1.e4 c5 2.Nf3 d6 3.Bb5+ Nd7 4.d4 cxd4 5.Qxd4 a6 6.Bxd7+ Bxd7 7.c4 Nf6 8.
Bg5 e6 9.Nc3 h6 10.Bh4 Be7 11.Rc1 Qc7 12.O-O O-O 13.Rfd1 Bc6 14.Nd5 exd5 
15.cxd5 Rfd8 16.dxc6 bxc6 17.e5 dxe5 18.Qxe5 Qxe5 19.Nxe5 c5 20.Rxd8+ Rxd8
21.Nc6 Rd7 22.Nxe7+ Rxe7 23.Bxf6 gxf6 24.Kf1 Re5 25.f4 Rd5 26.Ke2 Kf8 27.
Rd1 Rh5 28.h3 Ke7 29.b3 Ke6 30.Ke3 Rd5 31.Rxd5 Kxd5 32.g4 c4 33.b4 f5 1-0

[Event "23rd EUR-ch"]
[Site "Vrnjacka Banja SRB"]
[Date "2023.03.05"]
[Round "3.156"]
[White "Pantovic, Dragan M."]
[Black "Samani, Yamac"]
[Result "1/2-1/2"]
[WhiteElo "2038"]
[BlackElo "2357"]
[EventDate "2023.03.03"]
[PlyCount "57"]

1.d4 d5 2.c4 e6 3.Nf3 c6 4.e3 Nf6 5.Nbd2 Nbd7 6.Bd3 Bd6 7.O-O O-O 8.e4 
dxe4 9.Nxe4 Nxe4 10.Bxe4 h6 11.Bc2 Nf6 12.b3 Qa5 13.Bb2 Rd8 14.Qe2 Ba3 15.
Bxa3 Qxa3 16.Rad1 b6 17.Ne5 Bb7 18.f4 Rd6 19.g4 g6 20.g5 Nh7 21.gxh6 Rdd8 
22.Nxg6 fxg6 23.Qxe6+ Kf8 24.Bxg6 Qe7 25.Qxe7+ Kxe7 26.Bxh7 Rab8 27.Bg6 
Rh8 28.Rfe1+ Kf6 29.Rd2 1/2-1/2

[Event "23rd EUR-ch"]
[Site "Vrnjacka Banja SRB"]
[Date "2023.03.05"]
[Round "3.157"]
[White "Novkovic, Milan"]
[Black "Ciric, Pavle"]
[Result "1-0"]
[WhiteElo "2356"]
[BlackElo "2037"]
[EventDate "2023.03.03"]
[PlyCount "36"]

1.d4 d5 2.c4 e6 3.Nc3 a6 4.cxd5 exd5 5.Bf4 Nf6 6.e3 c5 7.Nf3 c4 8.Be2 b5 
9.Ne5 Bb7 10.Bf3 Nbd7 11.O-O Nxe5 12.dxe5 Ne4 13.Qc2 Nxc3 14.Qxc3 Qb6 15.
Rad1 Qc5 16.e6 fxe6 17.Qe5 Kd7 18.e4 Qd6 1-0

[Event "23rd EUR-ch"]
[Site "Vrnjacka Banja SRB"]
[Date "2023.03.05"]
[Round "3.158"]
[White "Cox, Tristan"]
[Black "Tadic, Stefan"]
[Result "0-1"]
[WhiteElo "1975"]
[BlackElo "2353"]
[EventDate "2023.03.03"]
[PlyCount "66"]

1.d4 Nf6 2.c4 c5 3.d5 b5 4.cxb5 a6 5.e3 e6 6.Nc3 exd5 7.Nxd5 Bb7 8.Nxf6+ 
Qxf6 9.Nf3 Be7 10.bxa6 Nxa6 11.Bd3 O-O 12.O-O d5 13.Bd2 Rfd8 14.Qc2 h6 15.
b3 Qb6 16.a3 Bf6 17.Rab1 Nc7 18.Rfc1 Be7 19.a4 Na6 20.Bb5 Qe6 21.Ba5 Rdc8 
22.Bd3 g6 23.Re1 c4 24.Be2 cxb3 25.Qd2 Nc5 26.Nd4 Qf6 27.Nxb3 Ne4 28.Qd4 
Qxf2+ 29.Kh1 Bf6 30.Qb4 Rab8 31.Qb6 d4 32.Bf1 Bd5 33.Qa6 Rc2 0-1

[Event "23rd EUR-ch"]
[Site "Vrnjacka Banja SRB"]
[Date "2023.03.05"]
[Round "3.159"]
[White "Arsenie, Cristian Marc"]
[Black "Manafov, Vugar"]
[Result "0-1"]
[WhiteElo "1971"]
[BlackElo "2349"]
[EventDate "2023.03.03"]
[PlyCount "98"]

1.e4 c5 2.Nf3 a6 3.c3 d5 4.exd5 Nf6 5.Qa4+ Nbd7 6.Qb3 b5 7.a4 c4 8.Qd1 Nc5
9.axb5 Qxd5 10.Be2 Bf5 11.O-O Nb3 12.Ra4 axb5 13.Rxa8+ Qxa8 14.Na3 Qb8 15.
Nd4 Nxd4 16.cxd4 e6 17.d3 cxd3 18.Bxd3 Bxd3 19.Qxd3 b4 20.Nc4 Be7 21.Ne3 
O-O 22.b3 Qb7 23.f3 Ra8 24.Bb2 Ra2 25.Qc2 Nd5 26.Nxd5 Qxd5 27.Rd1 h5 28.
Kh1 h4 29.Ra1 Rxa1+ 30.Bxa1 h3 31.Bb2 Bd6 32.Qc8+ Kh7 33.Qc2+ Kg8 34.Qc8+ 
Kh7 35.Qc2+ g6 36.Bc1 hxg2+ 37.Kxg2 Qxd4 38.Qd2 Qe5 39.f4 Qe4+ 40.Kg3 Bb8 
41.Qd8 Qe1+ 42.Kg2 Qxc1 43.Qxb8 Qc2+ 44.Kg1 Qb1+ 45.Kf2 Qxb3 46.Qf8 Qc2+ 
47.Kg3 Qc7 48.Qxb4 g5 49.Qe4+ Kh6 0-1

[Event "23rd EUR-ch"]
[Site "Vrnjacka Banja SRB"]
[Date "2023.03.05"]
[Round "3.160"]
[White "Danov, Liubomir"]
[Black "Tregubenko, Nikolai"]
[Result "0-1"]
[WhiteElo "2349"]
[BlackElo "2022"]
[EventDate "2023.03.03"]
[PlyCount "72"]

1.Nf3 Nf6 2.g3 g6 3.b3 Bg7 4.Bb2 O-O 5.Bg2 d6 6.d4 Nbd7 7.O-O e5 8.dxe5 
Ng4 9.c4 Ngxe5 10.Nxe5 Nxe5 11.Nc3 Nc6 12.Qd2 a5 13.Nd5 a4 14.Bxg7 Kxg7 
15.b4 Be6 16.Rac1 Ne5 17.Rfd1 a3 18.Ne3 c6 19.f4 Ng4 20.Nxg4 Bxg4 21.h3 
Be6 22.e4 h6 23.g4 Qb6+ 24.Kh2 Ra4 25.f5 Bc8 26.f6+ Kh7 27.Qxd6 Qxb4 28.c5
Rg8 29.Qe7 Be6 30.Rb1 Qc4 31.Ra1 Qc3 32.Rdc1 Qd2 33.Qxb7 Rb4 34.Qxc6 Rb2 
35.Rg1 Rd8 36.Qa4 Rd3 0-1

[Event "23rd EUR-ch"]
[Site "Vrnjacka Banja SRB"]
[Date "2023.03.05"]
[Round "3.161"]
[White "Orian, Noga"]
[Black "Milosevic, Milos"]
[Result "0-1"]
[WhiteElo "1957"]
[BlackElo "2347"]
[EventDate "2023.03.03"]
[PlyCount "116"]

1.d4 Nf6 2.c4 e6 3.Nf3 b6 4.a3 Bb7 5.Nc3 d5 6.cxd5 Nxd5 7.e3 Be7 8.Bb5+ c6
9.Bd3 O-O 10.e4 Nxc3 11.bxc3 c5 12.O-O Qc7 13.Qe2 Rd8 14.Rd1 Nd7 15.a4 
Rac8 16.g3 e5 17.d5 c4 18.Bc2 Nf6 19.Ba3 Bxa3 20.Rxa3 Qd6 21.Ra2 Rc5 22.
Nh4 Bc8 23.Rb1 Bg4 24.Qe1 Ne8 25.f3 Bd7 26.g4 g6 27.Ng2 Qe7 28.Qf2 Nd6 29.
a5 Nb5 30.axb6 axb6 31.Qd2 Rcc8 32.Ba4 Qc5+ 33.Kf1 Nxc3 34.Qxc3 Ra8 35.
Rba1 b5 36.Bd1 Rxa2 37.Rxa2 b4 38.Qe3 Qd4 39.Rd2 Qa1 40.Qb6 Ra8 41.Ne3 c3 
42.Re2 Ba4 43.Re1 Bxd1 44.d6 c2 45.Nxc2 Qc3 46.Nxb4 Qxf3+ 47.Qf2 Qxg4 48.
Nd5 Qh3+ 49.Kg1 Bf3 50.d7 Kg7 51.Rc1 Qg4+ 52.Qg3 Qxe4 53.Re1 Qxd5 54.Rxe5 
Ra1+ 55.Re1 Qd4+ 56.Kf1 Qd3+ 57.Kg1 Qe3+ 58.Kf1 Qe2+ 0-1

[Event "23rd EUR-ch"]
[Site "Vrnjacka Banja SRB"]
[Date "2023.03.05"]
[Round "3.162"]
[White "Nyysti, Sampsa"]
[Black "Bjelanovic, Mile"]
[Result "0-1"]
[WhiteElo "2345"]
[BlackElo "2017"]
[EventDate "2023.03.03"]
[PlyCount "58"]

1.e4 c5 2.Nc3 d6 3.f4 g6 4.Nf3 Bg7 5.Bb5+ Bd7 6.Bc4 e6 7.d4 cxd4 8.Nxd4 a6
9.O-O Nc6 10.Be3 Nge7 11.Nf3 Qc7 12.Qe1 b5 13.Bb3 Na5 14.Qh4 Nxb3 15.cxb3 
b4 16.Ne2 Bxb2 17.Rad1 Bg7 18.Bd4 Bxd4+ 19.Nexd4 h6 20.Kh1 Nc6 21.f5 Nxd4 
22.fxg6 Nxf3 23.Rxf3 Rf8 24.Rdf1 Bb5 25.g7 Rg8 26.Qxh6 Bxf1 27.Rxf1 Qc3 
28.e5 Qxe5 29.Qc1 Qc3 0-1

[Event "23rd EUR-ch"]
[Site "Vrnjacka Banja SRB"]
[Date "2023.03.05"]
[Round "3.163"]
[White "Kochavi, Dana"]
[Black "Atakishiyev, Elmar"]
[Result "0-1"]
[WhiteElo "1929"]
[BlackElo "2344"]
[EventDate "2023.03.03"]
[PlyCount "88"]

1.e4 c5 2.Nf3 d6 3.d4 cxd4 4.Nxd4 Nf6 5.Nc3 a6 6.h3 e5 7.Nde2 h5 8.g3 b5 
9.Bg2 Nbd7 10.a3 Bb7 11.Be3 Be7 12.a4 b4 13.Nd5 a5 14.c4 Nxd5 15.exd5 Bg5 
16.Qc1 Bxe3 17.Qxe3 Qb6 18.Qg5 g6 19.b3 Nc5 20.Nc1 Qd8 21.Qe3 O-O 22.g4 h4
23.O-O Bc8 24.Rb1 f5 25.Nd3 Nxd3 26.Qxd3 Qg5 27.f3 Ra7 28.Kh1 Raf7 29.Rbe1
e4 30.fxe4 fxg4 31.Rxf7 Rxf7 32.e5 dxe5 33.d6 Kg7 34.c5 gxh3 35.Bxh3 Bb7+ 
36.Re4 Qc1+ 37.Kh2 Rf2+ 38.Bg2 Rxg2+ 39.Kxg2 Qf4 40.Qh3 Bxe4+ 41.Kg1 Qc1+ 
42.Qf1 Qxc5+ 43.Kh2 Qxd6 44.Qf2 Qf6 0-1

[Event "23rd EUR-ch"]
[Site "Vrnjacka Banja SRB"]
[Date "2023.03.05"]
[Round "3.164"]
[White "Velkoski, Stojan"]
[Black "Fitzsimons, David"]
[Result "1/2-1/2"]
[WhiteElo "1868"]
[BlackElo "2338"]
[EventDate "2023.03.03"]
[PlyCount "123"]

1.e4 c5 2.Nf3 e6 3.d4 cxd4 4.Nxd4 a6 5.Bd3 Bc5 6.Nb3 Ba7 7.Qg4 Nf6 8.Qg3 
O-O 9.Bg5 d6 10.Nc3 Nbd7 11.O-O-O Qc7 12.f4 b5 13.a3 Bb7 14.Rde1 Rfc8 15.
Rhf1 d5 16.e5 Ne4 17.Qh4 Nf8 18.Rf3 Ng6 19.Qh5 Nf2 20.Re2 Nxd3+ 21.Rxd3 
Qc4 22.Nd2 Qc5 23.Nb3 Qg1+ 24.Rd1 Qb6 25.f5 exf5 26.Be3 Qd8 27.Qxf5 Bb8 
28.Bg5 Qc7 29.e6 fxe6 30.Qxe6+ Qf7 31.Qxf7+ Kxf7 32.Nxd5 Bxd5 33.Rxd5 Bxh2
34.Rd7+ Kg8 35.Nd4 Rc7 36.Rd5 h6 37.Bd2 Rf8 38.b3 Ne7 39.Rh5 Bd6 40.Kb2 
Rfc8 41.Bc1 Ng6 42.Rd5 Be7 43.Ne6 Bf6+ 44.Kb1 Rc6 45.Bb2 Re8 46.Bxf6 Rexe6
47.Rxe6 Rxe6 48.Bc3 Nf4 49.Rd8+ Kh7 50.g3 Ne2 51.Rd3 h5 52.Ba5 Kg6 53.Bd8 
Re8 54.c4 bxc4 55.bxc4 Re4 56.c5 Rc4 57.Be7 Kf7 58.Bd6 Rc3 59.Rd2 Nxg3 60.
Kb2 Rf3 61.c6 Ne4 62.c7 1/2-1/2

[Event "23rd EUR-ch"]
[Site "Vrnjacka Banja SRB"]
[Date "2023.03.05"]
[Round "3.165"]
[White "Bartel, Mateusz"]
[Black "Cuzovic, Ognjen"]
[Result "1-0"]
[WhiteElo "2609"]
[BlackElo "2009"]
[EventDate "2023.03.03"]
[PlyCount "57"]

1.e4 c6 2.d4 d5 3.Nc3 dxe4 4.Nxe4 Bf5 5.Ng3 Bg6 6.Nh3 Nf6 7.Nf4 e6 8.h4 
Bd6 9.c3 Qc7 10.Qf3 Nbd7 11.h5 Bc2 12.h6 g6 13.Bd3 Bxd3 14.Nxd3 Nd5 15.O-O
O-O 16.Ne4 Be7 17.c4 N5f6 18.Bf4 Qb6 19.c5 Qd8 20.Nd6 b6 21.Ne5 Bxd6 22.
Nxc6 Qc8 23.cxd6 Nd5 24.Ne7+ Nxe7 25.dxe7 Re8 26.Rac1 Qa6 27.Rc7 Nf6 28.
Be5 Nd5 29.Rd7 1-0